000 00824nab a2200253 u 4500
001 16149
003 HDC
007 cr bn ---aaaaa
008 210221c mydr|noo 0 a may d
040 _aHDC
100 _aMinarni Mat Saad
_eauthor
_916054
245 0 _aSelangor anjur seminar halal haram /
_cby Minarni Mat Saad
260 _aMalaysia:
_bBerita Harian,
_c2003
336 _atext
_2rdacontent
337 _acomputer
_2rdamedia
338 _aonline resource
_2rdacarrier
650 _ahalal industry
_9144
650 _ahalal seminar
_916055
710 _aBerita Harian
856 _zRequest full-text at [email protected]
942 _2lcc
942 _cNEWS
942 _kNSWO 008409
999 _c13465
_d13465